| 000 | 00522nam a2200193 a 4500 | ||
|---|---|---|---|
| 001 | 1776331134764 | ||
| 003 | YourLibrary | ||
| 005 | 20260416145133.0 | ||
| 008 | 260416s2001##################000#0#eng## | ||
| 020 | _a9780335204090 | ||
| 082 | 0 | 4 |
_a361.610941 _bKEM |
| 100 | 1 |
_aKemshall, Hazel, _eauthor. |
|
| 245 | 1 | 0 | _aRisk, Social Policy And Welfare : |
| 260 |
_bMcGraw-Hill Education (UK), _c2001. |
||
| 300 | _a173 pages | ||
| 650 | 0 | _aSocial Science. | |
| 942 | _cENGLISH | ||
| 040 |
_aYourLibrary _beng _cYourLibrary |
||
| 999 |
_c619484 _d619484 |
||